00955nam a22002297a 4500001000500000005001700005008004100022020001800063040002900081050001700110082001100127100001800138245005400156260004100210300002300251520037500274521001800649521001800667650001300685650001400698650001300712119120230808084907.0230808b cb ||||| |||| 00| 0 eng d a9780516262574 aFISKHbengcFISKHdFISKH aGB2403.8.F69 a551.34 aFowler, Allan aIcebergs, Ice Caps, and GlacierscBy Allan Fowler aNew York :bChildren's Press,c1997. a31 pages :c18 cm. aDiscover the characteristics, size, and movement of icebergs, ice caps, and glaciers.The natural world comes alive for young readers (Ages 6-7) with Rookie Read-About "RM" Science! With striking, full-color photos and just the right amount of text, this series immediately involves young readers as they discover intriguing facts about the fascinating world around them. a580 bLexile aK bRaz-Plus 2Icebergs 2Glaciers, 2Ice Caps